LEADER 00974nam0-2200325---450- 001 990008215210403321 005 20051028101246.0 010 $a0-7619-2228-8 035 $a000821521 035 $aFED01000821521 035 $a(Aleph)000821521FED01 035 $a000821521 100 $a20051028d2002----km-y0itay50------ba 101 0 $aeng 102 $aUS 105 $aa---a---001yy 200 1 $aCorrelation$eparametric and nonparametric measures$fPeter Y. Chen, Paula M. Popovich 210 $aThousand Oaks ; London ; New Delhi$cSage publications$dc2002 215 $aVI, 95 p.$d22 cm 225 1 $aQuantitative applications in the social sciences$v139 610 0 $aStatistica$aMetodi 700 1$aChen,$bPeter Y.$0289447 701 1$aPopovich,$bPaula M.$0289448 801 0$aIT$bUNINA$gRICA$2UNIMARC 901 $aBK 912 $a990008215210403321 952 $a10810 SAG/139$b20805$fSES 959 $aSES 996 $aCorrelation$9739314 997 $aUNINA LEADER 00982cam a2200277 i 4500 001 991000662779707536 008 041129s1988 enka b 001 0 eng c 020 $a1852211105 020 $a1852211091 035 $ab13254376-39ule_inst 040 $aDip.to Biologia$beng 082 0 $a576.863$222 245 00$aGenome analysis :$ba practical approach /$cedited by K.E. Davies 260 $aOxford ;$aWashington :$bIRL Press,$c1988 300 $axiv, 192 p. :$bill. ;$c23 cm 440 0$aPractical approach series 504 $aIncludes bibliographies and index 650 0$aGene mapping$xTechnique 650 2$aChromosome Mapping 700 1 $aDavies, Kay E. 907 $a.b13254376$b09-11-10$c29-11-04 912 $a991000662779707536 945 $aLE003 576.8 DAV01.01 (1998)$g1$i2003000046410$lle003$o-$pE0.00$q-$rl$s- $t0$u1$v0$w1$x0$y.i13950939$z29-11-04 996 $aGenome analysis$9875199 997 $aUNISALENTO 998 $ale003$b29-11-04$cm$da $e-$feng$genk$h0$i0